| 000 | 00751nam a2200217Ii 4500 | ||
|---|---|---|---|
| 003 | JO-AjNU | ||
| 008 | 230605s9999||||xx |||||||||||||| ||und|| | ||
| 017 | _a202/4/843 | ||
| 040 |
_aJO-AjNU _bara _erda _cJO-AjNU |
||
| 041 | _aara | ||
| 050 | 1 | 4 | _aJQ1825.P37.G42.2002 |
| 100 | 3 |
_aغوانمة ، نرمين يوسف , _eauthor _941586 |
|
| 245 | 0 | 0 | _aحزب الليكود ودورة في السياسة الإسرائيلية |
| 250 | _aط1 | ||
| 264 | 3 | 1 | _aعمان : دار الفكر ، 2002 |
| 300 | _a312ص | ||
| 336 |
_atext _btxt _2rdacontent |
||
| 337 |
_aunmediated _bn _2rdamedia |
||
| 338 |
_avolume _bnc _2rdacarrier |
||
| 650 | 4 |
_aحزب الليكود -- الصهاينة -- النزاع العربي الاسرائيلي _941587 |
|
| 999 |
_aA17741 _c21309 _d21309 |
||